| 000 | 01446nam a2200349 a 4500 | ||
|---|---|---|---|
| 003 | CHAP | ||
| 005 | 20220329143649.0 | ||
| 008 | 001123s2006 mx 00010 spa d | ||
| 010 | _a99988 | ||
| 011 | _a100960 | ||
| 020 | _a9786071201041 | ||
| 035 | _a111646 | ||
| 040 | _cCHAP | ||
| 090 | _aCD-300 | ||
| 111 | 2 |
_aJornadas de Presentación de Avances y Resultados de Investigación del Programa de Investigación Agrícola ( _n14 _d: 2006 _c: Chapingo, Méx.) _962158 |
|
| 245 | 1 | 0 |
_aDecimo cuartas jornadas de presentación de avances y resultados de investigación del Programa de Investigación Agrícola del 2 al 4 de diciembre [Disco compacto] _c/compilado por Rafael Zamora Linares y Enrique Gómez Lozoya |
| 260 |
_aChapingo, Méx. : _bUACH. Dirección General de Investigación, _c2006 |
||
| 300 |
_a1 disco compacto ; _c4 3/4 plgs. |
||
| 590 |
_aBATCH-UPD _b10 _c20130110 _lUCH01 _h1000 |
||
| 590 |
_aBATCH-UPD _b10 _c20130410 _lUCH01 _h0611 |
||
| 590 |
_aBATCH-UPD _b10 _c20130914 _lUCH01 _h1239 |
||
| 590 |
_aCONVERSION _b10 _c20130109 _lUCH01 _h1355 |
||
| 650 | 0 | 4 |
_aAprendizaje. _96370 |
| 650 | 0 | 4 |
_aEducación _xCongresos. _935425 |
| 650 | 0 | 4 |
_aPlanes de estudio. _988732 |
| 700 | 0 |
_aGómez Lozoya, Enrique Armando. _949786 |
|
| 700 | 0 |
_aZamora Linares, Rafael. _9123517 |
|
| 901 | _aBK | ||
| 942 | _cCD | ||
| 949 |
_aCD-300 _bBC _cCD _d33724002222330 _eCONG _fc.2 _i111646 _sb |
||
| 949 |
_aCD-300 _bBC _cCD _d33724002222371 _eCD _i111646 _sb |
||
| 999 |
_c99988 _d99988 |
||